Sydney Trains and NSW TrainLink Fleet - Statistics

General Stats
  • This quiz has been taken 377 times
  • The average score is 13 of 15
Answer Stats
Picture Answer % Correct
Tangara
96%
V set
96%
OSCAR
95%
A set
92%
B set
92%
K set
92%
D set
91%
Metro
91%
C set
90%
M set
90%
S set
87%
XPT
85%
Hunter Railcar
78%
Endeavour
75%
Xplorer
75%
No matching quizzes found
Score Distribution
Percent of People with Each Score
Percentile by Number Answered
Your Score History
You have not taken this quiz